| 000 | 00000nam##2200000za#4500 |
| 001 | 9.600720 |
| 003 | CaOODSP |
| 005 | 20210624205725 |
| 007 | cr ||||||||||| |
| 008 | 150406|1991||||xxc|||||o f|0| 0 fre|d |
| 040 | |aCaOODSP|bfre |
| 043 | |an-cn--- |
| 086 | 1 |aNH18-1-2/31-1991F-PDF |
| 110 | 2 |aSociété canadienne d'hypothèques et de logement. |
| 245 | 10|aMesures des taux d'émanation du radon provenant des matériaux de construction / |h[ressource électronique]|cpar Lubomir Zikovsky. |
| 260 | |aOttawa - Ontario : |bSociété canadienne d'hypothèques et de logement |cAvril 1991. |
| 300 | |a102p.|bfigures, références, tableaux, photographies |
| 490 | 1 |aRapport de recherche |
| 500 | |aComprend du texte en anglais: Annexe A, "Building materials as a source of radon : computer simulation of indoor radon concentrations" p.77-102. |
| 504 | |aBibliographie. |
| 546 | |a(Summary in English.) |
| 590 | |a11-25-Supp|b2011-10-31 |
| 720 | 1 |aZikovsky, Lubomir |
| 830 | #0|aResearch report (Société canadienne d'hypothèques et de logement : En ligne)|w(CaOODSP)9.502470 |
| 856 | 40|ahttp://publications.gc.ca|qPDF|s1.18 Mo|uhttps://publications.gc.ca/collections/collection_2011/schl-cmhc/nh18-1-2/NH18-1-2-31-1991-fra.pdf |